Tony Curtis Filmography - Statistics

General Stats
  • This quiz has been taken 10 times
    3 since last reset
  • The average score is 7 of 174
Answer Stats
Type Year Name % Correct
Film 1959 Some Like It Hot
100%
Theater 2002-2003 Some Like It Hot
100%
Film 1960 Spartacus
100%
Film 1957 Sweet Smell of Success
100%
Film 1959 Operation Petticoat
67%
Film 1953 Houdini
33%
Film 1968 The Boston Strangler
33%
Film 1958 The Defiant Ones
33%
Film 1965 The Great Race
33%
Film 1958 The Vikings
33%
Film 1960 Who Was That Lady?
33%
Film 1962 40 Pounds of Trouble
0%
TV Show 2006 60 Minutes
0%
Film 1953 All American
0%
TV Film 1955 Allen in Movieland
0%
TV Show 1981 An Evening at the Improv
0%
TV Film 1994 A Perry Mason Mystery: The Case of the Grimacing Governor
0%
Short Documentary 1955 A World of Beauty
0%
TV Film 1983 Balboa
0%
TV Film 1994 Bandit: Beauty and the Bandit
0%
Film 1954 Beachhead
0%
Documentary Series 1995-2003 Biography
0%
Film 1982 Black Commando
0%
Film 1965 Boeing, Boeing
0%
TV Show 1969 Bracken's World
0%
Film 1982 BrainWaves
0%
Film 1997 Brittle Glory
0%
Film 1963 Captain Newman, M.D.
0%
Film 1992 Center of the Web
0%
Film 1966 Chamber of Horrors
0%
TV Film 1989 Charlie
0%
Commercial 1986 Chevrolet Camaro
0%
TV Film 1992 Christmas in Connecticut
0%
TV Film 1994 Cilla's World
0%
Film 1949 City Across the River
0%
Film 1986 Club Life
0%
Film 1949 Criss Cross
0%
TV Show 2005 CSI: Crime Scene Investigation
0%
Film 2008 David & Fatima
0%
Film 1983 Dexter the Dragon & Bumble the Bear
0%
Film 1967 Don't Make Waves
0%
Film 1966 Drop Dead Darling
0%
TV Film 1997 Elvis Meets Nixon
0%
Short Film 1965 Exports Booming
0%
Film 1952 Flesh and Fury
0%
Film 1953 Forbidden
0%
Film 1950 Francis
0%
TV Show 1957, 1959 General Electric Theater
0%
Film 1964 Goodbye Charlie
0%
TV Film 1985 Half Nelson
0%
Film 1997 Hardball
0%
TV Show 1992-1993 Hollywood Babylon
0%
Documentary 1992 Hollywood Babylon II
0%
TV Show 2004 Hope & Faith
0%
Short Film 1949 How to Smuggle a Hernia Across the Border
0%
TV Film 1981 Inmates: A Love Story
0%
Film 1985 Insignificance
0%
Film 1980 It Rained All Night the Day I Left
0%
Film 1950 I Was a Shoplifter
0%
Film 1954 Johnny Dark
0%
Film 1949 Johnny Stool Pigeon
0%
TV Documentary 1991 Joseph Cornell: Worlds in a Box
0%
Film 1950 Kansas Raiders
0%
Film 1958 Kings Go Forth
0%
Film 1975 Lepke
0%
Film 1980 Little Miss Marker
0%
Film 1989 Lobster Man from Mars
0%
TV Show 1996 Lois & Clark: The New Adventures of Superman
0%
Film 1998 Louis & Frank
0%
TV Film 1986 Mafia Princess
0%
TV Show 1975-1976 McCoy
0%
Film 1952 Meet Danny Wilson
0%
Film 1989 Midnight
0%
Film 1957 Mister Cory
0%
Film 1969 Monte Carlo or Bust!
0%
TV Film 1986 Murder in Three Acts
0%
Film 1993 Naked in New York
0%
Film 1952 No Room for the Groom
0%
Film 1966 Not with My Wife, You Don't!
0%
Film 2003 One Less Tear
0%
Film 1967 On My Way to the Crusades, I Met a Girl Who...
0%
Film 1964 Paris When It Sizzles
0%
TV Show 1951 Penthouse Party
0%
Film 1960 Pepe
0%
TV Show 1958 Perry Como's Kraft Music Hall
0%
Film 1999 Play It to the Bone
0%
TV Film 1982 Portrait of a Showgirl
0%
Film 1991 Prime Target
0%
TV Show 1954 Red Skelton Revue
0%
Film 2002 Reflections of Evil
0%
TV Show 1996 Roseanne
0%
Film 1968 Rosemary's Baby
0%
TV Show 1968-1971 Rowan & Martin's Laugh-In
0%
Short Film 2000 Roxanne's Best Christmas Ever
0%
TV Show 1958 Schlitz Playhouse
0%
Film 1964 Sex and the Single Girl
0%
Film 1978 Sextette
0%
TV Show 1973 Shaft
0%
Film 1950 Sierra
0%
Film 1955 Six Bridges to Cross
0%
Film 1977 Some Like It Cool
0%
Film 1952 Son of Ali Baba
0%
Film 1954 So This Is Paris
0%
Film 1987 Sparky's Magic Piano
0%
Film 1998 Stargames
0%
Radio Series 1952 Stars in the Air
0%
TV Show 1960 Startime
0%
TV Show 1998 Suddenly Susan
0%
Film 1970 Suppose They Gave a War and Nobody Came
0%
Radio Series 1951 Suspense
0%
Film 1949 Take One False Step
0%
Film 1962 Taras Bulba
0%
TV Film 1989 Tarzan in Manhattan
0%
TV Film 1990 Thanksgiving Day
0%
TV Show 1972 The ABC Comedy Hour
0%
Film 1978 The Bad News Bears Go to Japan
0%
Film 1954 The Black Shield of Falworth
0%
Short Film 2007 The Blacksmith and the Carpenter
0%
TV Show 1970 The Bob Hope Show
0%
TV Show 1951, 1953, 1954, 1955 The Colgate Comedy Hour
0%
TV Film 1975 The Count of Monte-Cristo
0%
Radio Series 1952, 1953 The Dean Martin and Jerry Lewis Show
0%
TV Show 1955, 1956 The Ed Sullivan Show
0%
TV Show 1983 The Fall Guy
0%
TV Show 1965 The Flintstones
0%
TV Show 1956 The George Gobel Show
0%
Film 1961 The Great Imposter
0%
Film 1995 The Immortals
0%
TV Show 1960 The Jack Benny Program
0%
Documentary 2008 The Jill & Tony Curtis Story
0%
TV Show 1959 The Joseph Cotten Show: On Trial
0%
TV Show 1952 The Ken Murray Show
0%
Film 1949 The Lady Gambles
0%
Film 1986 The Last of Philip Banter
0%
Film 1976 The Last Tycoon
0%
Film 1963 The List of Adrian Messenger
0%
Film 1977 The Manitou
0%
Film 1957 The Midnight Story
0%
TV Show 1970-1978 The Mike Douglas Show
0%
TV Film 1981 The Million Dollar Face
0%
Film 1980 The Mirror Crack'd
0%
Film 1993 The Mummy Lives
0%
Film 1961 The Outsider
0%
Film 1988 The Passenger - Welcome to Germany
0%
Film 1958 The Perfect Furlough
0%
TV Show 1971-1972 The Persuaders!
0%
Film 1951 The Prince Who Was a Thief
0%
Film 1955 The Purple Mask
0%
Film 1960 The Rat Race
0%
Film 1956 The Rawhide Years
0%
TV Show 1956 The Rosemary Clooney Show
0%
TV Film 1980 The Scarlett O'Hara War
0%
TV Film 1968 The Song Is You
0%
TV Show 1972 The Sonny & Cher Comedy Hour
0%
Film 1955 The Square Jungle
0%
TV Show 1959 The Steve Allen Plymouth Show
0%
TV Film 1973 The Third Girl from the Left
0%
TV Film 1978 The Users
0%
TV Special 1980 The World's Greatest Escapes
0%
Film 1979 Title Shot
0%
TV Documentary 2012 Tony Curtis: Driven to Stardom
0%
Short Documentary 2010 Tony Curtis Erzählt...
0%
TV Documentary 2011 Tony Curtis, le gamin du Bronx
0%
Film 1956 Trapeze
0%
TV Show 1978-1981 Vega$
0%
Film 1989 Walter & Carlo i Amerika
0%
Film 1983 Where Is Parsifal?
0%
Film 2006 Where's Marty?
0%
TV Show 2010 Who Wants to Be a Millionaire?
0%
Film 1964 Wild and Wonderful
0%
Film 1950 Winchester '73
0%
Film 1949 Woman in Hiding
0%
Film 1970 You Can't Win 'Em All
0%
Theater 1980 You Oughta Be in Pictures
0%
No matching quizzes found
Score Distribution
Percent of People with Each Score
Percentile by Number Answered
Your Score History
You have not taken this quiz since the last reset